Litaniae ad beatam virginem Mariam per totius mundi miraculos as imagines divisae, ac per regna et provincias, ac loca distinctae...

Bibliographic Details
Main Author: Esterházi, Pavol, 1635-1713 (Author)
Format: Book
Language:Undetermined
Published: Viennae Universitatis Typos 1697

MARC

LEADER 00000nam a2200000 a 4500
001 vtls001308558
003 SK-MaSNL
005 20260302032950.0
008 240314s1697 xx 0 und
035 |a SNK000260865 
040 |a SNK  |b slo  |c SNK  |e AACR2 
041 0 |a und 
044 |a xx 
100 1 |a Esterházi, Pavol,  |d 1635-1713  |4 aut  |9 167208 
245 1 0 |a Litaniae ad beatam virginem Mariam per totius mundi miraculos as imagines divisae, ac per regna et provincias, ac loca distinctae... 
260 |a Viennae  |b Universitatis Typos  |c 1697 
958 |a ONDV 
999 |c 1059459  |d 1061389 
952 |t P60, <03>, [BOOK], {603}  |a SNK  |b SNK  |y PREZ  |7 0  |p 17A0106471  |o snkSD 43677  |0 0  |1 0  |4 0  |d 1997-10-31  |l 0  |r 2005-01-02 00:00:00  |w 2026-02-24